A glossary of phonetic tems Thuật ngữ ngữ âm

Bao gồm những thuật ngữ ngôn ngữ thông thường và đăc biệt mà sinh viên thường gặp trong phát âm tiếng Anh và âm vị học. Một số thuật ngữ được định nghĩa, giải thích kèm theo minh họa; NV Ngữ âm tiếng Việt...

Disgrifiad llawn

Wedi'i Gadw mewn:
Manylion Llyfryddiaeth
Prif Awdur: Nguyễn , Minh Tâm
Fformat: Llyfr
Iaith:Undetermined
Cyhoeddwyd: H. Giáo dục 2000
Pynciau:
Mynediad Ar-lein:http://lrc.tdmu.edu.vn/opac/search/detail.asp?aID=2&ID=6592
Tagiau: Ychwanegu Tag
Dim Tagiau, Byddwch y cyntaf i dagio'r cofnod hwn!
Thư viện lưu trữ: Trung tâm Học liệu Trường Đại học Thủ Dầu Một
LEADER 00958nam a2200217Ia 4500
001 TDMU_6592
008 210410s9999 xx 000 0 und d
082 |a 414 
090 |b NG527 
100 |a Nguyễn , Minh Tâm 
245 2 |a A glossary of phonetic tems 
245 0 |b Thuật ngữ ngữ âm 
245 0 |c Nguyễn Minh Tâm 
260 |a H. 
260 |b Giáo dục 
260 |c 2000 
300 |a 130tr 
520 |a Bao gồm những thuật ngữ ngôn ngữ thông thường và đăc biệt mà sinh viên thường gặp trong phát âm tiếng Anh và âm vị học. Một số thuật ngữ được định nghĩa, giải thích kèm theo minh họa; NV Ngữ âm tiếng Việt 
650 |a Thuật ngữ; Ngữ âm 
856 |u http://lrc.tdmu.edu.vn/opac/search/detail.asp?aID=2&ID=6592 
980 |a Trung tâm Học liệu Trường Đại học Thủ Dầu Một